banner-ar

العمارة الاسلامية فى شرق افريقيا / (Record no. 61470)

MARC details
000 -الفاتح
حقل البيانات ثابتة الطول 00909nam a22002297a 4500
005 - وقت وتاريخ اخر تعامل مع التسجيلة
رقم الضبط 20240530110501.0
008 - عناصر البيانات ثابتة الطول - معلومات عامة
حقل البيانات ثابتة الطول 150702s2007 ua abo f 000 0 ara d
017 ## - رقم الايداع القانونى
رقم الايداع القانونى 2007/13877
المصدر ( الهيئة المختصة) مصر . دار الكتب المصرية
020 ## - الرقم الدولى المعيارى للكتب
الرقم الدولى المعيارى للكتاب 9789774197542
040 ## - مصدر الفهرسة
وكالة الفهرسة الأصلية EG-CaGPL
082 04 - رقم تصنيف ديوى العشرى
رقم الطبعة 21
رقم التصنيف 720.97\
رقم المادة ح ع
100 0# - المدخل الرئيسى - إسم شخصى
الإسم الشخصى حجاجى ابراهيم محمد
245 12 - بيان العنوان
العنوان العمارة الاسلامية فى شرق افريقيا /
بيان المسئوليه,etc حجاجى ابراهيم محمد
260 ## - PUBLICATION, DISTRIBUTION, ETC. (IMPRINT)
تاريخ النشر أو التوزيع 2007 .
300 ## - الوصف المادى
التعداد 291 ص :
تفاصيل ماديه اخرى للوعاء ايض ؛
أبعاد الوعاء 24 سم .
650 04 - المدخل الاضافى بالموضوع-مصطلح موضوعى
مصطلح موضوعي العمارة الاسلامية
650 04 - المدخل الاضافى بالموضوع-مصطلح موضوعى
مصطلح موضوعي العمارة الاسلامية
التقسيم الفرعي الجغرافي شرق افريقيا
650 04 - المدخل الاضافى بالموضوع-مصطلح موضوعى
مصطلح موضوعي المتحف البريطانى
التقسيم الفرعي الجغرافي لندن
651 04 - المدخل الاضافى بالموضوع - اسم جغرافى
الاسم الجغرافي ارتريا
التقسيم الفرعي العام عمارة
942 ## - عناصر المدخل الإضافي( كوها)
مصدر التصنيف او مخطط الترفيف Dewey Decimal Classification
Koha [default] item type كتاب
260 ## - PUBLICATION, DISTRIBUTION, ETC. (IMPRINT)
-- القاهرة :
-- الهيئة المصرية العامة للكتاب ،
Holdings
حالة التراجع حالة الفقد حالة تلف ليس للاعارة المكان المؤقت الموقع الحالى تاريخ الاكتساب اجمالي اﻻعارات رقم الطلب الباركود تاريخ اخر مشاهدة تاريخ تفعيل السعر نوع وعاء كوها
        مكتبة القاهرة الكبرى مكتبة القاهرة الكبرى 07/02/2015   720.97\ ح ع 160768 07/02/2015 07/02/2015 كتاب

Powered By

EGPV